000
00328nam a2200157Ia 4500
100
_a
Deshmukh/Sandeep
650
_a
Communication Skill
942
_c
BK
366
_f
27
654
_a
group communication
245
_a
Group communication
260
_b
Ane Books
082
_b
DES
546
_a
ENGLISH
_c
TTL
999
_c
18049
_d
18049